=LDR 00000nam 2200000 4500 =001 INLIS000000000004684 =005 20250828081707 =035 ##$$a 0010-0825000113 =007 ta =008 250828################g##########0#ind## =082 ##$$a 304.66 072 =084 ##$$a 304.66 072 FAT s =100 1#$$a Fathonah Siti =245 1#$$a Survei Demografi dan Kesehatan Indonesia 1997 Provinsi Sumatera Selatan /$c Ir.Siti Fathonah, MPH =260 ##$$a Kantor Menteri Negara Kependudukan/BKKBN atas bantuan Macro International,$c 1999 =300 ##$$a 55 : $b ilus. ; $c 29 cm$e - =700 1#$$a Usman Affandi =700 #$$a Wahab Abdul Aziz